000 00590nab a2200181 4500
001 244442
003 OSt
005 20250505130557.0
007 tu
008 200917s2020|||||||
040 _aDE-2950
_cDE-2950
245 0 0 _aNewletter "Mobile Doppelstadt"
_bNachbarschaft. Frankfurt und Slubice stärken ihre Kooperation durch einen neuen digitalen Newsletter/
_cred
264 _c2024
653 _aFrankfurt (Oder) - Slubice
653 _aNewsletter "Mobile Doppelstadt"
773 0 _g36. Jahrgang (2025) Nr. 99 vom 29.04.2025, S. 13 mit Foto
_tMärkische Oderzeitung
942 _2z
_cA
999 _c373751
_d373751